Personen vom Münstertatort - Statistiken

Allgemein
  • Dieses Quiz wurde 79 mal gespielt
  • Das Durchschnittsergebnis liegt bei 4 aus 10
Antwortstatistiken
Hinweis Antwort % Korrekt
Ermittler Frank Thiel
99%
Rechtsmediziner Prof. Dr. Dr. Karl-Friedrich Boerne
78%
Spitzname von obgenannter Angestellten Alberich
57%
Staatsanwältin Wilhelmine Klemm
49%
Spitzname vom Vater Vaddern
46%
Vater vom Ermittler Herbert Thiel
42%
Angestellte von Rechtsmediziner Silke Haller
39%
ehem. Arbeitskollegin von Ermittler Nadeshda Krusenstern
25%
neuer Arbeitskollege von Ermittler Mirko Schrader
12%
Bösewicht in "Limbus" Dr. Jens Jacoby / Michael Kleinschmidt
1%
Keine übereinstimmenden Quizze gefunden
Verteilung der Resultate
Anzahl Personen mit jedem Resultat
Perzentil nach korrekt beantworteten Fragen
Ihre Resultats-Entwicklung
Sie haben dieses Quiz noch nicht gespielt